Integrácia v Latinskej Amerike diplomová práca

Saved in:
Bibliographic Details
Main Author: Röthová, Barbora
Corporate Author: Ekonomická univerzita v Bratislave. Fakulta medzinárodných vzťahov
Other Authors: Csabay, Marek
Format: Book
Language:Slovak
Published: Bratislava 2010
Tags: Add Tag
No Tags, Be the first to tag this record!

MARC

LEADER 00000nam a2200000 4500
001 0122049
005 20240318122324.9
041 0 |a slo 
044 |a SK 
245 1 0 |a Integrácia v Latinskej Amerike  |b diplomová práca  |c Barbora Röthová ; škol. Marek Csabay 
264 1 |a Bratislava  |c 2010 
300 |a 74 s. 
100 1 |a Röthová, Barbora 
700 1 |a Csabay, Marek 
710 2 |a Ekonomická univerzita v Bratislave. Fakulta medzinárodných vzťahov